Теоретические основы обеспечения безопасности объектов информатизации: учебное пособие

מידע ביבליוגרפי
מחבר ראשי: Ворона В. А. Владимир Андреевич
מחברים אחרים: Тихонов В. А. Виктор Алексеевич, Митрякова Л. В. Лидия Васильевна
סיכום:Рассмотрены концептуальные основы создания и применения систем защиты объектов: цели, задачи и этапы создания системы защиты объектов информатизации на основе анализа их уязвимости и рисков потери ресурсов. Представлены подходы к разработке моделей наруши­телей, выявлению и оценке основных видов угроз, анализу рисков. Рассмотрены общие принципы построения системы обеспечения безо­пасности, этапы ее создания, возможные варианты структуры и состава системы физической защиты. Рассмотрены основные методы и средст­ва технической защиты информации — технические каналы утечки, способы их нейтрализации и оценки эффективности защиты акустиче­ской и видовой информации.Для студентов (слушателей) вузов, обучающихся по направлению «Информационная безопасность», будет полезна руководителям и со­трудникам служб безопасности организаций в работе по обеспечению интегральной безопасности объектов информатизации.
שפה:רוסית
יצא לאור: Москва, Горячая линия-Телеком, 2016
סדרה:Учебное пособие для высших учебных заведений
Специальность
נושאים:
פורמט: ספר
KOHA link:https://koha.lib.tpu.ru/cgi-bin/koha/opac-detail.pl?biblionumber=314477

MARC

LEADER 00000nam0a2200000 4500
001 314477
005 20231102002700.0
010 |a 9785991205245 
035 |a (RuTPU)RU\TPU\book\339898 
090 |a 314477 
100 |a 20160216d2016 m y0rusy50 ca 
101 0 |a rus 
102 |a RU 
105 |a a j 001zy 
200 1 |a Теоретические основы обеспечения безопасности объектов информатизации  |e учебное пособие  |f В. А. Ворона, В. А. Тихонов, Л. В. Митрякова 
210 |a Москва  |c Горячая линия-Телеком  |d 2016 
215 |a 304 с.  |c ил. 
225 1 |a Учебное пособие для высших учебных заведений 
225 1 |a Специальность 
320 |a Библиогр.: с. 292-298. 
330 |a Рассмотрены концептуальные основы создания и применения систем защиты объектов: цели, задачи и этапы создания системы защиты объектов информатизации на основе анализа их уязвимости и рисков потери ресурсов. Представлены подходы к разработке моделей наруши­телей, выявлению и оценке основных видов угроз, анализу рисков. Рассмотрены общие принципы построения системы обеспечения безо­пасности, этапы ее создания, возможные варианты структуры и состава системы физической защиты. Рассмотрены основные методы и средст­ва технической защиты информации — технические каналы утечки, способы их нейтрализации и оценки эффективности защиты акустиче­ской и видовой информации.Для студентов (слушателей) вузов, обучающихся по направлению «Информационная безопасность», будет полезна руководителям и со­трудникам служб безопасности организаций в работе по обеспечению интегральной безопасности объектов информатизации. 
606 1 |a Защита информации  |x Вычислительная техника  |2 stltpush  |3 (RuTPU)RU\TPU\subj\74425  |9 86711 
610 1 |a объекты 
610 1 |a уязвимость 
610 1 |a доступ 
610 1 |a контроль 
610 1 |a управление 
610 1 |a охрана 
610 1 |a наблюдение 
610 1 |a технические средства 
610 1 |a телевизионное наблюдение 
610 1 |a охранная сигнализация 
610 1 |a инженерно-техническая защита 
610 1 |a пожарная сигнализация 
610 1 |a интегрированные системы 
610 1 |a комплексные системы 
610 1 |a техническая защита 
610 1 |a информационная безопасность 
610 1 |a утечка 
610 1 |a технические каналы 
610 1 |a акустическая информация 
610 1 |a речевая информация 
610 1 |a охранные подразделения 
610 1 |a сотрудники 
610 1 |a подготовка 
610 1 |a мероприятия 
610 1 |a планирование 
610 1 |a учебные пособия 
675 |a 004.056.5(075.8)  |v 4 
700 1 |a Ворона  |b В. А.  |g Владимир Андреевич 
701 1 |a Тихонов  |b В. А.  |g Виктор Алексеевич 
701 1 |a Митрякова  |b Л. В.  |g Лидия Васильевна 
801 1 |a RU  |b 63413507  |c 20160216 
801 2 |a RU  |b 63413507  |c 20160331  |g RCR 
900 |a Информационная безопасность 
900 |a Информационная безопасность и защита информации 
942 |c BK 
951 |l 8 
959 |a 21/20160216  |d 3  |e 550,00  |f ЧЗТЛ:1  |f УФ:2